Lingüística y poética

Na minha lista:
Detalhes bibliográficos
Main Authors: Delas, Daniel (Author), Filliolet, Jacques (Author)
Formato: Livro
Idioma:espanhol
Publicado em: Buenos Aires Hachette 1973
Colecção:Colección Hachette Universidad
Assuntos:
Tags: Adicionar Tag
Sem tags, seja o primeiro a adicionar uma tag!

MARC

LEADER 00000nam a2200000 a 4500
001 UCJ8932
003 CL-VaPUC
008 070126e19730000AG |||||||||||||||||spa|d
082 0 4 |a 401.41  |b DEL  |2 21 
100 0 |a Delas, Daniel  |e author  |9 518742 
700 0 |a Filliolet, Jacques  |e author  |9 518743 
245 1 0 |a Lingüística y poética 
300 |a 231 p 
942 |c BK 
945 |d 20070126 00:00:00  |a jtorresc 
260 |a Buenos Aires  |b Hachette  |c 1973 
500 |a Donación de la Dra. Marianne Peronard Thierry 
650 7 |a DISCURSO POETICO  |2 CL-VaPUC  |9 518744 
650 0 |a Análisis del discurso  |9 256696 
650 0 |a Retórica   |9 266620 
650 7 |a LINGUISTICA ESTRUCTURAL  |2 CL-VaPUC  |9 269255 
650 7 |a LINGUISTICA FUNCIONAL  |2 CL-VaPUC  |9 518745 
583 |a last modification  |c 20070126 00:00:00  |k Rodrigo Vera 
490 0 |a Colección Hachette Universidad 
999 |c 324576  |d 324574 
952 |0 0  |1 0  |4 0  |6 401_410000000000000_DEL_1973  |7 0  |8 A  |9 404842  |a FDOPOS  |b FDOPOS  |d 2019-11-22  |i 4318218  |o 401.41 DEL 1973  |p 4318218  |r 2025-01-22  |w 2019-11-22  |y BK  |k MLA